| Tag |
First Indicator |
Second Indicator |
Subfields |
| LEADER |
00000cam a22000005a 4500 |
| 001 |
in00002782617 |
| 005 |
20151202171807.0 |
| 008 |
120709s2012 th ab b 001 0 eng |
| 010 |
|
|
|a 2012331598
|
| 016 |
7 |
|
|a 016118660
|2 Uk
|
| 020 |
|
|
|a 9786162150449
|
| 020 |
|
|
|a 6162150445
|
| 029 |
1 |
|
|a HEBIS
|b 309098084
|
| 029 |
1 |
|
|a AU@
|b 000049588280
|
| 035 |
|
|
|a (OCoLC)ocn785080388
|
| 035 |
|
|
|a (OCoLC)785080388
|
| 040 |
|
|
|a DLC
|b eng
|c DLC
|d BTCTA
|d BDX
|d UKMGB
|d HCD
|d YDXCP
|d CDX
|d BWX
|d UtOrBLW
|
| 042 |
|
|
|a pcc
|a lcode
|
| 043 |
|
|
|a as-----
|
| 049 |
|
|
|a TXAM
|
| 050 |
0 |
4 |
|a BQ7170
|b .H68 2012
|
| 050 |
0 |
4 |
|a BQ408
|b .H68 2012
|
| 245 |
0 |
0 |
|a How Theravāda is Theravāda? :
|b exploring Buddhist identities /
|c edited by Peter Skilling [and others].
|
| 264 |
|
1 |
|a Chiang Mai, Thailand :
|b Silkworm Books,
|c 2012.
|
| 300 |
|
|
|a xxxvi, 620 pages :
|b illustrations (chiefly color), map ;
|c 22 cm.
|
| 336 |
|
|
|a text
|b txt
|2 rdacontent
|
| 337 |
|
|
|a unmediated
|b n
|2 rdamedia
|
| 338 |
|
|
|a volume
|b nc
|2 rdacarrier
|
| 504 |
|
|
|a Includes bibliographical references and indexes.
|
| 650 |
|
0 |
|a Theravāda Buddhism
|z Southeast Asia
|x History.
|
| 651 |
|
0 |
|a Southeast Asia
|x Religion
|x History.
|
| 700 |
1 |
|
|a Skilling, Peter.
|
| 938 |
|
|
|a Baker and Taylor
|b BTCP
|n BK0011064572
|
| 938 |
|
|
|a Brodart
|b BROD
|n 102769885
|c $60.00
|
| 938 |
|
|
|a YBP Library Services
|b YANK
|n 7650368
|
| 938 |
|
|
|a Coutts Information Services
|b COUT
|n 21708359
|
| 938 |
|
|
|a Blackwell Book Service
|b BBUS
|n 7650368
|
| 947 |
|
|
|a A14835938120
|
| 945 |
|
|
|a PromptCat
|b 125044
|
| 946 |
|
|
|a stk
|
| 994 |
|
|
|a 92
|b TXA
|
| 948 |
|
|
|a Cataloged
|b h
|c 2012/12/12
|d c
|e EGrant
|
| 999 |
|
|
|a MARS
|
| 999 |
f |
f |
|s cc112028-d92e-3d75-b766-dbc411fc61a7
|i 5aa4aa9d-7345-34bf-baff-6907d43638de
|t 0
|
| 952 |
f |
f |
|p normal
|a Texas A&M University
|b College Station
|c Sterling C. Evans Library
|d Evans: Library Stacks
|t 0
|e BQ408 .H68 2012
|h Library of Congress classification
|i unmediated -- volume
|m A14835938120
|
| 998 |
f |
f |
|a BQ408 .H68 2012
|t 0
|l Evans: Library Stacks
|